000 00414nam a2200133 4500
999 _c6315
_d6315
008 170220b xxu||||| |||| 00| 0 eng d
082 _aDPer 910.5 T69 Jan-Aug 2015 v. 1-4
245 _a9 countries, 20 cities, 45 days.
260 _aPhilippines:
_bOne Mega Group,
_c©2015.
300 _av4, pages 90-95:
_billustrations;
_c28 cm.
500 _aTravel Now.
650 0 _918950
_aTravel
_zEurope
942 _2ddc
_cPER